Culture Générale en F - Statistiques

Statistiques générales
  • Ce quiz a été pris 213 fois
  • Le résultat moyen est 10 sur 15
Statistiques - réponses
Hint Réponse % Correct
Sport le plus populaire football
97%
Pays de Molière France
95%
Récit court éducatif et avec une morale fable
92%
Ancêtre du rassemblement national front national
92%
Premier pape portant ce nom François
89%
Instrument de la famille des bois flûte
85%
Obélix en est amoureux Falbala
76%
Neveu de Donald Fifi
71%
Fête traditionnelle du sud ouest feria
65%
Administration s'occupant des impôts fisc
60%
Premier ministre sous Nicolas Sarkozy François Fillon
60%
Ariane,Saturn,Delta en sont fusée
54%
Histoire inventée fiction
35%
Appellation de moines frère
32%
Genre théâtrale grossié et comique farce
28%
Aucun quiz correspondant
Distribution des résultats
% des personnes avec chaque résultat
Percentile par nombre de réponses
Votre historique - résultats
Vous n’avez pas pris ce quiz